Responses for show #8222 - Tuesday, May 26, 2020

2020 Teachers Tournament quarterfinal game 2.

Contestants

[<< previous game]

Sam Matson, a high school English teacher from Cookeville, Tennessee

Katie Labarge, a high school science teacher from Cambridge, Massachusetts

Meggie Kwait, a middle school humanities teacher from New York, New York

[next game >>]

Jeopardy! Round responses

FROM PAGE TO SCREEN
21st CENTURY ROYALTY
THE PROPER NAME IS THE VERB
STUDY GROUPS
BUY YOUR OWN
ACCORD
    $200 11
The Call of the Wild

Sam
    $200 21
vote

Meggie
    $200 12
chase

Triple Stumper
    $200 6
(Sam: What is the heart?)

the lungs

MeggieSam
    $200 1
an island

Meggie
    $200 16
Yugoslavia

Sam
    $400 27
The Devil Wears Prada

Sam
    $400 22
jubilee

Meggie
    $400 13
to carol

Meggie
    $400 7
(Sam: Uh, what are reptiles?)

horses

MeggieSam
    $400 2
pool

Meggie
    $400 17
the Camp David Accords

Katie
    $600 28
(Katie: Who is Jack Ryan?)

Jack Reacher

Katie
Triple Stumper
    $600 23
Liechtenstein

Meggie
    $600 14
pat

Meggie
    $600 8
Mars

Meggie
    $600 3
a Lear

Sam
    $600 18
the Federal Reserve

Sam
    $800 29
Jamie Foxx

Katie
    $800 24
Gustaf

Meggie
    $800 15
(Katie: Um, what is abel?)

mark

KatieSam
    $800 9
death

Sam
    $800 4
a cider press

Katie
    $1,600 19
(Alex: the [*] of Japan, correct.)

the yen

Sam
    $1000 30
Bridget Jones

Meggie
    $1000 25
(Sam: What is Monaco?)

Andorra

MeggieSam
    $1000 26
grant

Meggie
    $1000 10
(Meggie: Oh. What are fungi?)
(Sam: What are lichens?)

ferns

MeggieKatieSam
    $1000 5
a bicycle

Meggie
    $1000 20
Lebanon

Sam

Scores at the first commercial break (after clue 15):

Meggie Katie Sam
$2,800 $1,000 $800

Scores at the end of the Jeopardy! Round:

Meggie Katie Sam
$7,800 $1,600 $3,600

Double Jeopardy! Round responses

CANADIAN PLACES
WOMEN'S FIRSTS
SONG SUNG BLUE
SHAKESPEARE
SCHOOLHOUSE ROCKS
E_I_E_I UH OH!
(Alex: Each response will have that sequence.)
    $400 16
Nova Scotia

Sam
    $400 1
Sandra Day O'Connor

Katie
    $400 13
Madonna

Triple Stumper
    $400 17
Iago

Meggie
    $400 6
(Katie: What is pumice?)

soapstone

MeggieKatie
    $400 25
eighty-eight

Meggie
    $800 15
the Rockies

Sam
    $800 2
medicine

Katie
    $800 14
"Blue Velvet"

Sam
    $5,000 18
(Meggie: Who is... I don't know.)

Falstaff

Meggie
    $800 7
metamorphic

Meggie
    $800 26
(Sam: What is... high pitch?)

ear-piercing

Sam
Triple Stumper
    $1200 10
Stratford

Triple Stumper
    $1200 3
Texas

Meggie
    $1200 22
Cars

Sam
    $1200 19
Goneril

Sam
    $1200 8
dolomite

Katie
    $1200 27
executive privilege

Meggie
    $1600 11
Montreal

Meggie
    $1600 4
Benazir Bhutto

Katie
    $1600 23
David Bowie

Triple Stumper
    $1600 20
(Sam: Who is Paris?)

Tybalt

MeggieSam
    $1600 9
shale

Sam
    $1600 28
eminent domain

Sam
    $4,000 12
Baffin Island

Meggie
    $2000 5
Katherine Johnson

Katie
    $2000 24
"Mr. Blue Sky"

Katie
    $2000 21
Much Ado About Nothing

Meggie
    $2000 30
lapis lazuli

Sam
    $2000 29
eidetic

Triple Stumper

Scores at the end of the Double Jeopardy! Round:

Meggie Katie Sam
$16,400 $9,200 $10,800

Final Jeopardy! Round responses

20th CENTURY METAPHORS
KatieWhat is the iron curtain?
$9,200
SamWhat is the Iron Curtain?
$5,602
MeggieWhat is the Iron Curtain?
$5,201
the Iron Curtain

Final scores:

Meggie Katie Sam
$21,601 $18,400 $16,402
Automatic semifinalist 2nd place: $5,000 if eliminated 3rd place: $5,000 if eliminated

Game dynamics:

Coryat scores:

Meggie Katie Sam
$19,400 $9,200 $10,000
25 R
(including 1 DD),
2 W
(including 1 DD)
10 R,
3 W
17 R
(including 1 DD),
6 W

Combined Coryat: $38,600

The J! Archive is created by fans, for fans. The Jeopardy! game show and all elements thereof, including but not limited to copyright and trademark thereto, are the property of Jeopardy Productions, Inc. and are protected under law. This website is not affiliated with, sponsored by, or operated by Jeopardy Productions, Inc. Join the discussion at JBoard.tv.